| 000 | 00355nam a2200145Ia 4500 | ||
|---|---|---|---|
| 008 | 230312s9999||||xx |||||||||||||| ||und|| | ||
| 082 |
_a150.5 _bMOW-B |
||
| 100 | _aRana;Mowadat | ||
| 245 | 0 | _aBehavioural sciences | |
| 260 |
_bNew Ejaz Centre _aPakistan _c2010 |
||
| 300 | _a137 | ||
| 546 | _aEng. | ||
| 650 |
_aMedical _vBehavioural Sciences |
||
| 942 | _cBK | ||
| 999 |
_c6576 _d6576 |
||